000
00285nam a2200133Ia 4500
020
_a
9788180546204
082
_a
344
_b
KAP
100
_a
KAPOOR,N.D
245
_a
COMPANY LAW
250
_a
6th . Ed.
260
_b
SULTAN CHAND
_a
New Delhi
_c
2014
300
_a
362p.
942
_2
ddc
_c
FCM
_0
2
999
_c
6448
_d
6448